Statistics for Name The Skateboarder

Click here to take the quiz!

General Stats

  • This quiz has been taken 454 times
  • The average score is 4 of 10

Answer Stats

HintAnswer% Correct
Invented around 100 tricks including the kickflipRodney Mullen
79%
18 year old that wins basically every competition, rides for elementNyjah Huston
77%
Skates for zero and dc and is famous for his blizzard flipsChris Cole
65%
Tony Hawks son, just turned pro for baker skateboardsRiley Hawk
63%
Holds the record for biggest gap ollied, rides for birdhouse and deklineAaron Homoki
42%
Did a switch tre flip nosegrind on a handrail for the ender of girl and chocolate's video, pretty sweetGuy Mariano
25%
Winner of battle at berrics 5 and 6PJ Ladd
25%
Owner of reVive skateboards, has worn a red shirt everyday for about 15 yearsAndy Schrock
24%
Famous for skating on rocks and landing the first hardflip on filmDaewon Song
24%
2007 skater of the year after his part in lakai's video, fully flaredMarc Johnson
21%

Score Distribution

Percentile by Number Answered

Percent of People with Each Score

Your Score History

You have not taken this quiz